326 Selected Essays & Writings for all purposes, topics & levels = Tuyển tập 326 bài luận mới sơ cấp- trung cấp & nâng cao (Useful for interviews, Public speakings, Discussions, College- University exams, IELTS, Toefl, SAT, Proficiency)

Cuốn sách này sẽ cung cấp cho bạn các bài luận tiếng Anh từ dễ đến khó về hầu hết các đề tài đã được tuyển chọn gần gũi với cuộc sống hàng ngày.

Đã lưu trong:
書目詳細資料
主要作者: Srinivasan, S.
格式: 圖書
語言:Undetermined
出版: Thành phố Hồ Chí Minh Nxb. Trẻ 2011
主題:
標簽: 添加標簽
沒有標簽, 成為第一個標記此記錄!
Thư viện lưu trữ: Trung tâm Học liệu Trường Đại học Cần Thơ
LEADER 01111nam a2200229Ia 4500
001 CTU_170343
008 210402s9999 xx 000 0 und d
020 |c 58000 
082 |a 428 
082 |b S775 
100 |a Srinivasan, S. 
245 0 |a 326 Selected Essays & Writings for all purposes, topics & levels = 
245 0 |b Tuyển tập 326 bài luận mới sơ cấp- trung cấp & nâng cao (Useful for interviews, Public speakings, Discussions, College- University exams, IELTS, Toefl, SAT, Proficiency) 
245 0 |c S. Srinivasan 
260 |a Thành phố Hồ Chí Minh 
260 |b Nxb. Trẻ 
260 |c 2011 
520 |a Cuốn sách này sẽ cung cấp cho bạn các bài luận tiếng Anh từ dễ đến khó về hầu hết các đề tài đã được tuyển chọn gần gũi với cuộc sống hàng ngày. 
650 |a Tiếng Anh,English language 
650 |x Dạy và học,Study and teaching 
904 |i Thuý Phượng, Hải 
980 |a Trung tâm Học liệu Trường Đại học Cần Thơ